000 01900nam a2200313 a 4500
008 190808s2003 ||||||||||||||||| || u
020 _a9780471226932
050 _aTK 7881.15 Moh
100 _aUndeland, Tore M
245 1 0 _aPower electronics : converters, applications, and design (3rd Edition)
_cBy Ned Mohan ;Tore M. Undeland ; William P. Robbins.
250 _a3rd edition
260 _aHoboken, NJ
_bJohn Wiley & Sons, Inc
_c2003
300 _axvii, 802 pages : illustration
350 _a81.15
500 _aIncludes bibliographical references and index. Accompanied by 1 CR-ROM (4 3/4 in.) System requirements for accompanying CD-ROM: Windows 98 and Windows 2000.
650 0 _aPOWER SEMICONDUCTORS
650 0 _aELECTRIC CURRENT CONVERTERS
650 0 _aPOWER ELECTRONICS
700 _aMohan, Ned
700 _aRobbins, William P
856 _uhttp://www.loc.gov/catdir/bios/wiley042/2002032393.html
856 _uhttp://www.loc.gov/catdir/toc/wiley031/2002032393.html
856 _uhttp://www.loc.gov/catdir/description/wiley035/2002032393.html
995 _aMAIN LIBRARY OPEN ACCESS
_e749521
_FCBU-MAIN LIBRARY (Kitwe)
_I81.15
_jTK 7881.15 Moh
_M4
_UAVAILABLE
_WAug 8, 2019
_y749521
_ZMain Library Open Access Collection
995 _aMAIN LIBRARY OPEN ACCESS
_e749518
_FCBU-MAIN LIBRARY (Kitwe)
_I81.15
_jTK 7881.15 Moh
_M1
_UAVAILABLE
_WAug 8, 2019
_y749518
_ZMain Library Open Access Collection
995 _aMAIN LIBRARY OPEN ACCESS
_e749519
_FCBU-MAIN LIBRARY (Kitwe)
_I81.15
_jTK 7881.15 Moh
_M2
_UAVAILABLE
_WAug 8, 2019
_y749519
_ZMain Library Open Access Collection
995 _aSHORT LOAN BOOKS
_e750089
_FCBU-MAIN LIBRARY (Kitwe)
_I81.15
_jTK 7881.15 Moh
_M5
_UAVAILABLE
_WNov 25, 2019
_y750089
_ZShort Loan Collection
995 _aMAIN LIBRARY OPEN ACCESS
_e749520
_FCBU-MAIN LIBRARY (Kitwe)
_I81.15
_jTK 7881.15 Moh
_M3
_UAVAILABLE
_WAug 8, 2019
_y749520
_ZMain Library Open Access Collection
999 _c82093
_d82093